| 000 | 01807cam a2200277 4500 | ||
|---|---|---|---|
| 008 | 090401t1991 xxu||||| |||| 00| 0 eng d | ||
| 020 | _a0951750305 | ||
| 035 | _a(Sirsi) u32213 | ||
| 041 | _aeng | ||
| 050 | _a631.2 | ||
| 110 |
_aHistoric Farm Buildings Group _93036 |
||
| 245 | _aOld farm buildings in a new countryside: redundancy, conversion and conservation in the 1990s: papers presented to the Historic Farm Buildings Group one day conference held on November 29th 1990 at the Westminster Centre, Royal Institution of Chartered Surveyors... | ||
| 260 |
_aReading _bHistoric Farm Buildings Trust _c1991 |
||
| 300 | _a48p. : ill. ; 30cm. | ||
| 350 | _a5 | ||
| 520 | _aPapers:- Old farm buildings: the background/ HARVEY, NIGEL - Farm buildings: the architectural achievement/ SELL, JOHN - Farm buildings as history/ MARTINS, SUSANNA WADE - Small is beautiful too: the Welsh dimension/ WILIAM, EURWYN - Old farm buildings in modern agriculture/ McLAUGHLIN, BRIAN - Old farm buildings: a headache for the landowner?/ COKE, LORD - Old farm buildings and the government`s agricultural policy/ CAMPBELL, FRANCES - Acceptable re-use: the English Heritage view/ AIRS, MALCOLM - New industries in old farm buildings/ RITCHIE, MARTIN - The economics of re-use/ BOND, STEPHEN - Farm buildings: conversion in practice/ RYAN, CAROLE - Old farm buildings and the planner: the Peak District example/ DOWER, MICHAEL - Old farm buildings: repair and maintenance/ DENYER, SUSAN. | ||
| 650 | _aFARM BUILDINGS | ||
| 650 | _aREDUNDANT BUILDINGS | ||
| 690 | _aCONSERVATION | ||
| 700 |
_aMartins, Susanna Wade _xEditor |
||
| 710 |
_aRural Development Commission _92717 |
||
| 710 |
_aRoyal Institution of Chartered Surveyors _94900 |
||
| 710 |
_aEnglish Heritage _92714 |
||
| 942 | _n0 | ||
| 948 | _c04/03/1997 | ||
| 999 |
_c89692 _d89692 |
||